[Event "Deizisau Autumn op 17th"]
[Site "Deizisau"]
[Date "2023.10.30"]
[Round "6"]
[White "Gheng, Josef"]
[Black "Foerster, Erik"]
[Result "1/2-1/2"]
[WhiteElo "2224"]
[BlackElo "2140"]
[PlyCount "131"]
[EventDate "2023.10.27"]
[EventType "swiss"]
[EventRounds "7"]
[EventCountry "GER"]
[SourceTitle "Mega2024 Update 01"]
[Source "Chessbase"]
[SourceDate "2023.11.12"]
[SourceVersion "1"]
[SourceVersionDate "2023.11.12"]
[SourceQuality "1"]

1. c4 c6 2. Nc3 d5 3. e3 Nf6 4. Nf3 e6 5. d4 Nbd7 6. Bd3 Bd6 7. 0-0 dxc4 8. Bxc4 b5 9. Bd3 0-0 10. a4 b4 11. Ne4 Nxe4 12. Bxe4 Ba6 13. Re1 Rc8 14. Qc2 Nf6 15. Bd3 Bxd3 16. Qxd3 c5 17. e4 c4 18. Qe2 Nd7 19. Be3 Qa5 20. Nd2 Nb6 21. Rec1 Nxa4 22. Nxc4 Qb5 23. Qc2 Nc3 24. Nxd6 Ne2+ 25. Kh1 Rxc2 26. Rxc2 Qh5 27. Re1 f5 28. Rcxe2 f4 29. Bc1 f3 30. Re3 Qh4 31. Kg1 Qg4 32. Rxf3 Rxf3 33. Be3 Rf8 34. h3 Qh5 35. Nb7 Qb5 36. Nc5 Kf7 37. b3 a5 38. Bf4 Rc8 39. Bd6 Rxc5 40. dxc5 a4 41. bxa4 Qxa4 42. c6 Qxc6 43. Bxb4 Qc4 44. Ba3 Qc3 45. Re3 Qa1+ 46. Kh2 Qe5+ 47. g3 g5 48. Kg2 h5 49. Bb4 g4 50. Bc3 Qc5 51. h4 e5 52. Bb2 Ke6 53. Ba3 Qd4 54. Bf8 Kf7 55. Bh6 Ke6 56. Re1 Qb4 57. Kf1 Qc4+ 58. Kg1 Qb4 59. Ra1 Qxe4 60. Ra6+ Kf5 61. Be3 Qb1+ 62. Kh2 Qf1 63. Rh6 Ke4 64. Rxh5 Kf3 65. Rf5+ Ke2 66. Rxe5 1/2-1/2

[Event "Staufer op 33rd"]
[Site "Schwaebisch Gmuend"]
[Date "2023.01.05"]
[Round "8"]
[White "Gheng, Josef"]
[Black "Besou, Hussain"]
[Result "1/2-1/2"]
[WhiteElo "2192"]
[BlackElo "2288"]
[PlyCount "114"]
[EventDate "2023.01.02"]
[EventType "swiss"]
[EventRounds "9"]
[EventCountry "GER"]
[SourceTitle "CBM 212 Extra"]
[Source "ChessBase"]
[SourceDate "2023.03.31"]
[SourceVersion "1"]
[SourceVersionDate "2023.03.31"]
[SourceQuality "1"]

1. c4 e5 2. g3 Nf6 3. Bg2 d5 4. cxd5 Nxd5 5. Nc3 Nb6 6. Nf3 Nc6 7. 0-0 Be7 8. a3 0-0 9. d3 Be6 10. b4 f6 11. Bb2 Qd7 12. Rc1 a5 13. b5 Na7 14. a4 c6 15. bxc6 Nxc6 16. Nd2 Rfd8 17. Nb5 Rac8 18. f4 exf4 19. gxf4 Nd5 20. Nc4 Bg4 21. Qe1 Qe6 22. Qf2 Qxe2 23. Bxd5+ Rxd5 24. Nb6 Bc5 25. Rxc5 Qxf2+ 26. Rxf2 Rxc5 27. d4 Rh5 28. Nxc8 Bxc8 29. Nd6 Bd7 30. Nxb7 Rd5 31. Rd2 Bf5 32. Bc3 Kf7 33. Kf2 Ke6 34. Ke3 g5 35. fxg5 fxg5 36. Rb2 Kd7 37. Rb5 Be6 38. Ke4 Rxb5 39. axb5 Ne7 40. Nc5+ Kd6 41. Nxe6 Kxe6 42. Bxa5 Nd5 43. b6 Nf6+ 44. Kd3 Kd6 45. Kc4 Kc6 46. d5+ Kb7 47. Kc5 h5 48. Kd6 g4 49. Ke6 h4 50. Be1 g3 51. Bxg3 hxg3 52. hxg3 Ne4 53. d6 Kc6 54. b7 Nc5+ 55. Ke7 Nxb7 56. d7 Kd5 57. g4 Ke5 1/2-1/2

[Event "Staufer op 33rd"]
[Site "Schwaebisch Gmuend"]
[Date "2023.01.02"]
[Round "1"]
[White "Hausrath, Daniel"]
[Black "Gheng, Josef"]
[Result "1-0"]
[WhiteElo "2469"]
[BlackElo "2192"]
[PlyCount "65"]
[EventDate "2023.01.02"]
[EventType "swiss"]
[EventRounds "9"]
[EventCountry "GER"]
[SourceTitle "CBM 212 Extra"]
[Source "ChessBase"]
[SourceDate "2023.03.31"]
[SourceVersion "1"]
[SourceVersionDate "2023.03.31"]
[SourceQuality "1"]

1. Nf3 Nf6 2. g3 g6 3. b3 Bg7 4. Bb2 0-0 5. Bg2 d5 6. 0-0 c5 7. c4 Nc6 8. cxd5 Nxd5 9. Bxg7 Kxg7 10. d4 Qa5 11. e4 Nf6 12. d5 Rd8 13. Nbd2 Nb4 14. a3 Na6 15. Qc2 Bd7 16. Qb2 Kg8 17. Nc4 Qb5 18. Nfe5 Bc8 19. Rfe1 Qe8 20. Rad1 Qf8 21. Nd3 Qg7 22. Qe5 Re8 23. Qg5 h6 24. Qc1 Nd7 25. e5 Nb6 26. e6 fxe6 27. dxe6 Nxc4 28. Qxc4 Qd4 29. Qc2 Qf6 30. Nf4 c4 31. Qxc4 Rf8 32. Qc2 Rb8 33. Nxg6 1-0

[Event "Staufer op 32nd"]
[Site "Schwaebisch Gmuend"]
[Date "2020.01.02"]
[Round "2"]
[White "Skembris, Spyridon"]
[Black "Gheng, Josef"]
[Result "1/2-1/2"]
[WhiteElo "2415"]
[BlackElo "2201"]
[PlyCount "46"]
[EventDate "2020.01.02"]
[EventType "swiss"]
[EventRounds "9"]
[EventCountry "GER"]
[SourceTitle "CBM 194 Extra"]
[Source "ChessBase"]
[SourceDate "2020.03.31"]
[SourceVersion "1"]
[SourceVersionDate "2020.03.31"]
[SourceQuality "1"]

1. c4 Nf6 2. g3 e6 3. Nf3 d5 4. Bg2 Nbd7 5. b3 b6 6. Bb2 Bb7 7. 0-0 Be7 8. cxd5 Bxd5 9. Nc3 Bb7 10. Rc1 c5 11. d3 Rc8 12. e4 0-0 13. Qe2 Qc7 14. d4 Qb8 15. d5 exd5 16. exd5 Rfe8 17. Rfe1 Nxd5 18. Nxd5 Bxd5 19. Qd3 Bxf3 20. Qxd7 Bxg2 21. Rxe7 Rxe7 22. Qxe7 Ba8 23. Bxg7 Qb7 1/2-1/2

[Event "Deizisau Autumn op 14th"]
[Site "Deizisau"]
[Date "2019.10.25"]
[Round "1"]
[White "Kolb, Roland"]
[Black "Gheng, Josef"]
[Result "1/2-1/2"]
[WhiteElo "1899"]
[BlackElo "2190"]
[PlyCount "55"]
[EventDate "2019.10.25"]
[EventType "swiss"]
[EventRounds "7"]
[EventCountry "GER"]
[SourceTitle "CBM 192 Extra"]
[Source "Chessbase"]
[SourceDate "2019.11.06"]
[SourceVersion "1"]
[SourceVersionDate "2019.11.06"]
[SourceQuality "1"]

1. c4 Nf6 2. Nc3 e5 3. Nf3 Nc6 4. e4 Bc5 5. Nxe5 Nxe5 6. d4 Bxd4 7. Qxd4 d6 8. Bg5 Be6 9. Be2 h6 10. Bh4 c5 11. Qd1 0-0 12. b3 Re8 13. 0-0 Ng6 14. Bg3 Qa5 15. Qc2 Rad8 16. Rad1 Ne5 17. Bh4 Nc6 18. Bxf6 gxf6 19. Nb5 a6 20. Nxd6 Re7 21. Qd3 Nd4 22. e5 fxe5 23. Qg3+ Kf8 24. Qxe5 Nxe2+ 25. Qxe2 Red7 26. Ne4 Rd4 27. Qe3 Ke7 28. Rde1 1/2-1/2

[Event "Staufer op 31st"]
[Site "Schwaebisch Gmuend"]
[Date "2019.01.06"]
[Round "9"]
[White "Wagner, Hans1111"]
[Black "Gheng, Josef"]
[Result "0-1"]
[WhiteElo "2106"]
[BlackElo "2309"]
[PlyCount "72"]
[EventDate "2019.01.02"]
[EventType "swiss"]
[EventRounds "9"]
[EventCountry "GER"]
[SourceTitle "CBM 188 Extra"]
[Source "ChessBase"]
[SourceDate "2019.02.26"]
[SourceVersion "1"]
[SourceVersionDate "2019.02.26"]
[SourceQuality "1"]

1. e4 e5 2. Nf3 Nc6 3. d4 exd4 4. Bc4 Nf6 5. 0-0 Be7 6. e5 Ng4 7. Bf4 d6 8. exd6 Bxd6 9. Re1+ Kf8 10. Bxd6+ Qxd6 11. h3 h5 12. Nbd2 Bf5 13. Ne4 Bxe4 14. Rxe4 Nf6 15. Re2 Qc5 16. Qd3 Rd8 17. a3 g6 18. Ba2 Kg7 19. b4 Qd6 20. Rae1 Rd7 21. b5 Nd8 22. Ne5 Re7 23. Bxf7 Nxf7 24. Qxg6+ Kf8 25. Nc4 Rxe2 26. Nxd6 Rxe1+ 27. Kh2 Ng4+ 28. hxg4 hxg4+ 29. Kg3 cxd6 30. Qf6 Re5 31. a4 Rhh5 32. Qf4 Rd5 33. Qf6 d3 34. cxd3 Rxd3+ 35. f3 gxf3 36. gxf3 Re5 0-1

[Event "Staufer op 31st"]
[Site "Schwaebisch Gmuend"]
[Date "2019.01.04"]
[Round "6"]
[White "Gheng, Josef"]
[Black "Beckers, Manfred"]
[Result "1-0"]
[WhiteElo "2309"]
[BlackElo "1925"]
[PlyCount "145"]
[EventDate "2019.01.02"]
[EventType "swiss"]
[EventRounds "9"]
[EventCountry "GER"]
[SourceTitle "CBM 188 Extra"]
[Source "ChessBase"]
[SourceDate "2019.02.26"]
[SourceVersion "1"]
[SourceVersionDate "2019.02.26"]
[SourceQuality "1"]

1. c4 Nf6 2. g3 c5 3. Nf3 g6 4. Bg2 Bg7 5. 0-0 0-0 6. d4 Na6 7. dxc5 Nxc5 8. Nc3 d6 9. Nd4 Rb8 10. h3 a6 11. Be3 Bd7 12. Rc1 e5 13. Nb3 Nxb3 14. Qxb3 Bc6 15. Bb6 Qe7 16. e4 Nd7 17. Nd5 Bxd5 18. exd5 Nxb6 19. Qxb6 Rfc8 20. b4 Bf8 21. Rfd1 Qc7 22. Qxc7 Rxc7 23. c5 Rbc8 24. c6 Ra8 25. Rc3 Bh6 26. Ra3 b6 27. Bf1 Rca7 28. g4 Bg5 29. Rc3 Rc7 30. Bd3 Bd8 31. Rdc1 Kf8 32. Kg2 h6 33. Kg3 g5 34. Bf5 a5 35. Ra3 a4 36. Bd3 Rca7 37. b5 Bc7 38. Rc4 Ra5 39. Rb4 Ke7 40. Kf3 Kf6 41. Ke4 Kg6 42. Bc2 Kf6 43. Rf3+ Kg6 44. a3 R8a7 45. Kd3 Ra8 46. Kc4+ Kg7 47. Rb1 Bd8 48. Kb4 R5a7 49. Re1 Bc7 50. Bf5 Re8 51. Bd7 Rf8 52. Rf5 Bd8 53. Bc8 Ra5 54. Re3 Bc7 55. Ba6 Kg6 56. Ref3 f6 57. h4 Rf7 58. hxg5 hxg5 59. Bc8 Ra8 60. Be6 Rff8 61. Rh3 Rh8 62. Rh5 Raf8 63. Rf3 Kg7 64. Kxa4 Rh6 65. Rxh6 Kxh6 66. Kb3 Kg7 67. Bf5 Rh8 68. Rc3 Rh2 69. f3 Kf7 70. Rc4 Rh8 71. Ra4 Re8 72. Ra7 Re7 73. Ra8 1-0

[Event "Staufer op 31st"]
[Site "Schwaebisch Gmuend"]
[Date "2019.01.04"]
[Round "5"]
[White "Koellner, Aaron Noah"]
[Black "Gheng, Josef"]
[Result "0-1"]
[WhiteElo "2095"]
[BlackElo "2309"]
[PlyCount "108"]
[EventDate "2019.01.02"]
[EventType "swiss"]
[EventRounds "9"]
[EventCountry "GER"]
[SourceTitle "CBM 188 Extra"]
[Source "ChessBase"]
[SourceDate "2019.02.26"]
[SourceVersion "1"]
[SourceVersionDate "2019.02.26"]
[SourceQuality "1"]

1. d4 Nf6 2. Bg5 c6 3. Nd2 Qb6 4. Ngf3 d6 5. e4 Bg4 6. Bd3 Nbd7 7. 0-0 Bxf3 8. Nxf3 h6 9. Bxf6 exf6 10. Qd2 g6 11. c3 Bg7 12. Rae1 0-0 13. Nh4 Rad8 14. Bc4 Kh7 15. Qc2 Qc7 16. f4 d5 17. Bd3 dxe4 18. Rxe4 f5 19. Re3 c5 20. d5 c4 21. Bxf5 Qb6 22. Rfe1 Rfe8 23. Be4 Nf6 24. Bxg6+ fxg6 25. Qxg6+ Kh8 26. Nf5 Bf8 27. Kf1 Rxe3 28. Rxe3 Nxd5 29. Re6 Qxb2 30. Nxh6 Qc1+ 31. Kf2 Qxf4+ 32. Ke1 Qc1+ 33. Kf2 Qd2+ 34. Kg3 Qxh6 35. Qxh6+ Bxh6 36. Rxh6+ Kg7 37. Rh4 b5 38. a4 a6 39. axb5 axb5 40. Rd4 Kf6 41. Kf3 Ke5 42. Re4+ Kd6 43. Rd4 Kc5 44. g4 Rf8+ 45. Kg3 Nxc3 46. Rd7 b4 47. Rc7+ Kd4 48. g5 b3 49. Rb7 Ne4+ 50. Kg4 Nc5 51. Rb6 c3 52. g6 c2 53. g7 Rg8 54. Rd6+ Kc4 0-1

[Event "Staufer op 31st"]
[Site "Schwaebisch Gmuend"]
[Date "2019.01.03"]
[Round "4"]
[White "Gheng, Josef"]
[Black "Halas, Julia"]
[Result "1-0"]
[WhiteElo "2309"]
[BlackElo "1896"]
[PlyCount "63"]
[EventDate "2019.01.02"]
[EventType "swiss"]
[EventRounds "9"]
[EventCountry "GER"]
[SourceTitle "CBM 188 Extra"]
[Source "ChessBase"]
[SourceDate "2019.02.26"]
[SourceVersion "1"]
[SourceVersionDate "2019.02.26"]
[SourceQuality "1"]

1. c4 Nf6 2. Nf3 g6 3. g3 Bg7 4. Bg2 0-0 5. 0-0 d6 6. Nc3 a6 7. d3 e5 8. Rb1 Nh5 9. d4 exd4 10. Nxd4 Nd7 11. e4 Ne5 12. b3 Rb8 13. Nd5 c6 14. Ne3 Qc7 15. Ndf5 Bxf5 16. Nxf5 Rfd8 17. Nxg7 Nxg7 18. Bb2 c5 19. f4 Nc6 20. Bf6 Rf8 21. Rb2 b5 22. cxb5 axb5 23. Rd2 Ne8 24. Bc3 b4 25. Ba1 Rd8 26. Qc2 Qb6 27. Kh1 Nc7 28. Bf6 Rd7 29. Bh3 Ne6 30. f5 Ned4 31. Qd1 Qb7 32. Rg2 1-0

[Event "Pardubice Czech op-A 29th"]
[Site "Pardubice"]
[Date "2018.07.27"]
[Round "8"]
[White "Gheng, Josef"]
[Black "Haba, Petr"]
[Result "1/2-1/2"]
[WhiteElo "2328"]
[BlackElo "2445"]
[PlyCount "144"]
[EventDate "2018.07.20"]
[EventType "swiss"]
[EventRounds "9"]
[EventCountry "CZE"]
[SourceTitle "CBM 185 Extra"]
[Source "ChessBase"]
[SourceDate "2018.07.29"]
[SourceVersion "1"]
[SourceVersionDate "2018.07.29"]
[SourceQuality "1"]

1. c4 e5 2. g3 c6 3. Nf3 e4 4. Nd4 d5 5. cxd5 Qxd5 6. Nc2 Nf6 7. Nc3 Qh5 8. d3 exd3 9. Qxd3 Bc5 10. Be3 Bf5 11. Qc4 Be7 12. Nd4 Bd7 13. Bg2 0-0 14. h3 Na6 15. a3 Rac8 16. Rd1 Rfd8 17. g4 Qa5 18. Nb3 Qc7 19. Nd4 b5 20. Qb3 b4 21. axb4 Nxb4 22. 0-0 c5 23. Ndb5 Qb8 24. g5 Be6 25. Qa4 Nfd5 26. Bc1 a6 27. Nxd5 Bxd5 28. Nc3 Bxg2 29. Kxg2 Qb7+ 30. f3 Nc6 31. Nd5 Bf8 32. e4 Qb5 33. Nc3 Qb7 34. h4 Nd4 35. Qc4 Ne6 36. Rd5 Rxd5 37. Nxd5 Qb5 38. Qc3 Rb8 39. Rf2 Qa4 40. Qe5 Rb3 41. h5 Nd4 42. Ne7+ Kh8 43. h6 Qc4 44. Nd5 Ne6 45. Be3 Qb5 46. hxg7+ Bxg7 47. Qf5 Qe8 48. Kg3 Nd4 49. Bxd4 Bxd4 50. Rc2 Qe6 51. Nc3 a5 52. Qxe6 fxe6 53. Na4 e5 54. Kg4 Kg8 55. f4 exf4 56. Kxf4 Kf7 57. Nxc5 Rxb2 58. Rxb2 Bxb2 59. Na4 Ba1 60. Nc5 Bc3 61. Kf5 Bb4 62. Na4 Ke7 63. e5 Kf7 64. Nb6 Bc5 65. Na4 Be3 66. Nb2 Bd4 67. Na4 Ke7 68. Ke4 Ba7 69. Kf5 Bd4 70. Ke4 Ba7 71. Kf5 Bd4 72. Ke4 Ba7 1/2-1/2

[Event "Pardubice Czech op-A 29th"]
[Site "Pardubice"]
[Date "2018.07.26"]
[Round "7"]
[White "Suta, Andraz"]
[Black "Gheng, Josef"]
[Result "0-1"]
[WhiteElo "2197"]
[BlackElo "2328"]
[PlyCount "70"]
[EventDate "2018.07.20"]
[EventType "swiss"]
[EventRounds "9"]
[EventCountry "CZE"]
[SourceTitle "CBM 185 Extra"]
[Source "ChessBase"]
[SourceDate "2018.07.29"]
[SourceVersion "1"]
[SourceVersionDate "2018.07.29"]
[SourceQuality "1"]

1. e4 c5 2. Nf3 a6 3. c3 d6 4. d4 Nd7 5. Bd3 e6 6. 0-0 Ne7 7. Re1 h6 8. Nbd2 cxd4 9. cxd4 d5 10. a3 Nf6 11. e5 Nd7 12. Nf1 Nb8 13. Ng3 Nbc6 14. b4 Nf5 15. b5 axb5 16. Nxf5 exf5 17. e6 fxe6 18. Bxf5 Qf6 19. Qd3 Bd6 20. Bg6+ Kd8 21. Rb1 Rf8 22. Re2 b4 23. Bh5 bxa3 24. Qb5 Ra6 25. Bg4 Nxd4 26. Nxd4 Qxd4 27. Be3 Qxg4 28. Bb6+ Ke7 29. Rbe1 a2 30. f3 Qc4 31. Qb2 Rxb6 32. Qxb6 Bc5+ 33. Qxc5+ Qxc5+ 34. Kh1 Qb4 35. Rxa2 Qxe1# 0-1

[Event "Staufer op-A 30th"]
[Site "Schwaebisch Gmuend"]
[Date "2018.01.02"]
[Round "1"]
[White "Gheng, Josef"]
[Black "Roehl, Rainer"]
[Result "1-0"]
[WhiteElo "2334"]
[BlackElo "2110"]
[PlyCount "71"]
[EventDate "2018.01.02"]
[EventType "swiss"]
[EventRounds "9"]
[EventCountry "GER"]
[SourceTitle "CBM 182 Extra"]
[Source "ChessBase"]
[SourceDate "2018.02.23"]
[SourceVersion "1"]
[SourceVersionDate "2018.02.23"]
[SourceQuality "1"]

1. c4 c5 2. g3 g6 3. Bg2 Bg7 4. e3 Nc6 5. Ne2 e5 6. b3 Nge7 7. Bb2 d5 8. 0-0 0-0 9. d3 Be6 10. Nbc3 Rc8 11. e4 dxe4 12. dxe4 Nd4 13. Nd5 Nxd5 14. exd5 Bg4 15. f3 Bd7 16. Nc3 a6 17. Qd3 b5 18. Rae1 f5 19. Rf2 b4 20. Ne2 Qb6 21. Nxd4 cxd4 22. Rfe2 Rce8 23. Kh1 h5 24. Bc1 Qd8 25. a3 a5 26. axb4 axb4 27. c5 Qa5 28. Rc2 Bb5 29. Qd2 Ra8 30. Bf1 e4 31. Bxb5 Qxb5 32. Rc4 e3 33. Qd3 Qd7 34. Rxd4 Bxd4 35. Qxd4 f4 36. Bb2 1-0

[Event "Deizisau op 12th"]
[Site "Deizisau"]
[Date "2017.10.31"]
[Round "6"]
[White "Gheng, Josef"]
[Black "Leeb, Simon"]
[Result "1-0"]
[WhiteElo "2333"]
[BlackElo "2155"]
[PlyCount "61"]
[EventDate "2017.10.28"]
[EventType "swiss"]
[EventRounds "7"]
[EventCountry "GER"]
[SourceTitle "CBM 181 Extra"]
[Source "ChessBase"]
[SourceDate "2017.12.12"]
[SourceVersion "1"]
[SourceVersionDate "2017.12.12"]
[SourceQuality "1"]

1. c4 c6 2. Nf3 d5 3. e3 Nf6 4. Nc3 e6 5. Qc2 Nbd7 6. d4 g6 7. b3 b6 8. Bb2 Bg7 9. cxd5 exd5 10. Ba3 Bb7 11. Rd1 Bf8 12. Bxf8 Kxf8 13. Qb2 Qe7 14. Bd3 Kg7 15. 0-0 Rhd8 16. Rfe1 Ne4 17. Nd2 Nxd2 18. Rxd2 f5 19. Ne2 Nf6 20. Rc2 Qd6 21. h3 Re8 22. b4 Re7 23. Rec1 Rc8 24. a4 Ba8 25. Nf4 Rb8 26. Ba6 c5 27. dxc5 bxc5 28. bxc5 Qc7 29. Qc3 Rd8 30. Qd4 Re4 31. Qxe4 1-0

[Event "Deizisau op 12th"]
[Site "Deizisau"]
[Date "2017.10.30"]
[Round "4"]
[White "Gabriel, Josef"]
[Black "Gheng, Josef"]
[Result "0-1"]
[WhiteElo "2111"]
[BlackElo "2333"]
[PlyCount "126"]
[EventDate "2017.10.28"]
[EventType "swiss"]
[EventRounds "7"]
[EventCountry "GER"]
[SourceTitle "CBM 181 Extra"]
[Source "ChessBase"]
[SourceDate "2017.12.12"]
[SourceVersion "1"]
[SourceVersionDate "2017.12.12"]
[SourceQuality "1"]

1. Nf3 Nf6 2. d3 c5 3. e4 Nc6 4. g3 g6 5. Bg2 Bg7 6. 0-0 d5 7. Nbd2 0-0 8. Re1 e5 9. exd5 Nxd5 10. Ne4 b6 11. Bg5 f6 12. Bd2 Be6 13. Nc3 Qd7 14. a3 Rac8 15. Nxd5 Bxd5 16. b4 c4 17. b5 Nb8 18. Bb4 Rfd8 19. dxc4 Bxc4 20. Qxd7 Nxd7 21. a4 Nc5 22. Nd2 Bd5 23. Bf1 Bf8 24. Ba3 Ne6 25. c4 Bb7 26. Ne4 Bxe4 27. Rxe4 Bxa3 28. Rxa3 Rd1 29. Kg2 Nc5 30. Ree3 e4 31. a5 f5 32. axb6 axb6 33. Be2 Rd2 34. Kf1 Rcd8 35. Ra7 R2d7 36. Rea3 Kg7 37. Ra8 Kf6 38. h4 h6 39. R3a7 g5 40. Rxd8 Rxd8 41. Rc7 Ke5 42. hxg5 hxg5 43. Ke1 f4 44. Rg7 Ne6 45. Rb7 f3 46. Bf1 Ra8 47. Bh3 Nc5 48. Rxb6 Kd4 49. Rd6+ Kc3 50. Rd1 Nd3+ 51. Kf1 Rh8 52. Bg2 fxg2+ 53. Kxg2 Rf8 54. Rf1 g4 55. c5 Nxc5 56. Rc1+ Kd4 57. b6 Nd3 58. Rf1 Rf6 59. Rb1 Rxf2+ 60. Kg1 Rf8 61. b7 Rb8 62. Kf1 Nc5 63. Rb4+ Kd5 0-1

[Event "Deizisau op 12th"]
[Site "Deizisau"]
[Date "2017.10.29"]
[Round "2"]
[White "Faulhaber, Rolf"]
[Black "Gheng, Josef"]
[Result "0-1"]
[WhiteElo "2056"]
[BlackElo "2333"]
[PlyCount "54"]
[EventDate "2017.10.28"]
[EventType "swiss"]
[EventRounds "7"]
[EventCountry "GER"]
[SourceTitle "CBM 181 Extra"]
[Source "ChessBase"]
[SourceDate "2017.12.12"]
[SourceVersion "1"]
[SourceVersionDate "2017.12.12"]
[SourceQuality "1"]

1. c4 Nf6 2. Nf3 e6 3. g3 d5 4. Bg2 c6 5. Qc2 Nbd7 6. d4 Bb4+ 7. Nbd2 0-0 8. 0-0 b5 9. c5 Re8 10. e4 e5 11. Nxe5 Nxe5 12. dxe5 Rxe5 13. f4 Rh5 14. Nb3 dxe4 15. Rd1 Qe7 16. Be3 Be6 17. Rac1 Bxb3 18. axb3 Ng4 19. Bd4 Re8 20. Qe2 Rd5 21. Qxg4 f5 22. Qe2 Red8 23. Be3 Qd7 24. Rxd5 Qxd5 25. Bf1 Qxb3 26. Qc2 Qxe3+ 27. Kh1 Rd2 0-1

[Event "Wuerttemberg-ch"]
[Site "Stuttgart"]
[Date "2017.08.31"]
[Round "6"]
[White "Kvetny, Mark"]
[Black "Gheng, Josef"]
[Result "1-0"]
[WhiteElo "2406"]
[BlackElo "2352"]
[PlyCount "140"]
[EventDate "2017.08.26"]
[EventType "swiss"]
[EventRounds "9"]
[EventCountry "GER"]
[SourceTitle "CBM 180 Extra"]
[Source "ChessBase"]
[SourceDate "2017.10.06"]
[SourceVersion "1"]
[SourceVersionDate "2017.10.06"]
[SourceQuality "1"]

1. c4 Nf6 2. Nc3 e5 3. Nf3 d6 4. d4 Nbd7 5. e4 Be7 6. Be2 0-0 7. 0-0 Re8 8. Qc2 c6 9. Rd1 Qc7 10. Rb1 a6 11. b4 Nf8 12. h3 Ng6 13. Be3 exd4 14. Bxd4 Nd7 15. Qd2 Nde5 16. c5 a5 17. a3 axb4 18. axb4 dxc5 19. bxc5 Nd7 20. Qb2 Bf8 21. Ng5 Nxc5 22. Bc4 Nh8 23. e5 b5 24. Qc2 g6 25. Nce4 Nxe4 26. Nxe4 Bg7 27. Bxb5 Bd7 28. Qc3 Qa5 29. Qxa5 Rxa5 30. Bc4 Bf5 31. Re1 Bxe4 32. Rxe4 Bxe5 33. Rbe1 Bxd4 34. Rxe8+ Kg7 35. Rc8 Rf5 36. Ree8 Rxf2 37. Kh2 Rc2 38. Bd3 Rc3 39. Bf1 Rc1 40. Bd3 Rc3 41. Ba6 Kh6 42. Rxh8 Be5+ 43. Kg1 Bd4+ 44. Kf1 Bxh8 45. Rxh8 Ra3 46. Bb7 c5 47. Rc8 Ra5 48. Bd5 Ra7 49. Rxc5 Re7 50. Rb5 Re5 51. Bc6 Re6 52. Bf3 Kg7 53. g4 h6 54. Kg2 f5 55. gxf5 gxf5 56. Rxf5 Rg6+ 57. Kf2 Rb6 58. h4 Rf6 59. Rb5 Rf7 60. Ke3 Ra7 61. Be4 Rc7 62. Rb6 Rf7 63. Rg6+ Kh7 64. Kd4 Rf8 65. Ke5 Rf7 66. h5 Rf8 67. Rd6+ Kg7 68. Bg6 Ra8 69. Rd7+ Kg8 70. Bf7+ Kf8 1-0

[Event "Wuerttemberg-ch"]
[Site "Stuttgart"]
[Date "2017.08.29"]
[Round "4"]
[White "Gheng, Josef"]
[Black "Latzke, Boris Alexander"]
[Result "1-0"]
[WhiteElo "2352"]
[BlackElo "2220"]
[PlyCount "137"]
[EventDate "2017.08.26"]
[EventType "swiss"]
[EventRounds "9"]
[EventCountry "GER"]
[SourceTitle "CBM 180 Extra"]
[Source "ChessBase"]
[SourceDate "2017.10.06"]
[SourceVersion "1"]
[SourceVersionDate "2017.10.06"]
[SourceQuality "1"]

1. c4 e5 2. g3 Nc6 3. Bg2 g6 4. b3 Bg7 5. Bb2 d6 6. Nc3 f5 7. e3 Nf6 8. Nge2 0-0 9. 0-0 Ne7 10. f4 exf4 11. gxf4 c6 12. Nd4 d5 13. c5 Ne4 14. b4 a5 15. a3 axb4 16. axb4 Rxa1 17. Bxa1 Kh8 18. d3 Nxc3 19. Bxc3 Ng8 20. Qa1 Qe7 21. Re1 Nf6 22. Nf3 Kg8 23. h3 Re8 24. Be5 Nd7 25. Bxg7 Qxg7 26. Qxg7+ Kxg7 27. Kf2 Nf8 28. Ra1 Ne6 29. Ra7 Kf6 30. h4 h6 31. Ra1 g5 32. hxg5+ hxg5 33. fxg5+ Nxg5 34. Rh1 Ne6 35. Rh6+ Kg7 36. Rh4 Rf8 37. Bh3 Rf6 38. Ne5 Ng5 39. Bg2 Ne6 40. Kg3 d4 41. e4 fxe4 42. Bxe4 Ng5 43. Nf3 Nxf3 44. Bxf3 Rg6+ 45. Kf2 Rh6 46. Rxd4 Rh2+ 47. Kg3 Rb2 48. Rd8 Bf5 49. Kf4 Bxd3 50. Rxd3 Rxb4+ 51. Ke5 b6 52. Rd7+ Kf8 53. Bh5 bxc5 54. Bg6 Rd4 55. Rc7 Rd1 56. Ke6 c4 57. Bf5 c3 58. Rxc6 Kg7 59. Rc7+ Kf8 60. Rxc3 Kg7 61. Rg3+ Kf8 62. Kf6 Rf1 63. Rg2 Rc1 64. Rh2 Rg1 65. Rh7 Kg8 66. Rc7 Kh8 67. Rc2 Rg3 68. Rh2+ Kg8 69. Be6+ 1-0

[Event "Pardubice Czech op-A 28th"]
[Site "Pardubice"]
[Date "2017.07.26"]
[Round "6"]
[White "Gheng, Josef"]
[Black "Debashis, Das"]
[Result "0-1"]
[WhiteElo "2347"]
[BlackElo "2505"]
[PlyCount "84"]
[EventDate "2017.07.21"]
[EventType "swiss"]
[EventRounds "9"]
[EventCountry "CZE"]
[SourceTitle "CBM 179 Extra"]
[Source "ChessBase"]
[SourceDate "2017.08.23"]
[SourceVersion "1"]
[SourceVersionDate "2017.08.23"]
[SourceQuality "1"]

1. e4 c5 2. Nf3 d6 3. c3 Nf6 4. Be2 b6 5. 0-0 Bb7 6. d3 e6 7. Re1 Be7 8. Nbd2 0-0 9. Nf1 c4 10. Ng3 cxd3 11. Bxd3 Nbd7 12. Nd4 Ne5 13. Bf1 Rc8 14. h3 Re8 15. f4 Ned7 16. e5 Nd5 17. Qg4 Bf8 18. h4 Qc7 19. Nf3 dxe5 20. fxe5 f6 21. h5 fxe5 22. Ng5 N7f6 23. Qh3 Bc5+ 24. Kh1 Bf2 25. Rd1 Nf4 26. Bxf4 exf4 27. Ne2 e5 28. Qf5 h6 29. Nh7 Qe7 30. Nxf6+ Qxf6 31. Qxf6 gxf6 32. Rd7 Bc6 33. Rd6 Kf7 34. Ng1 Ke7 35. Rdd1 Rg8 36. Nf3 Rg4 37. Bc4 Bxf3 38. gxf3 Rh4+ 39. Kg2 Rxc4 40. Kxf2 Rh2+ 41. Kg1 Rxb2 42. Rd3 Rc7 0-1

[Event "Pardubice Czech op-A 28th"]
[Site "Pardubice"]
[Date "2017.07.24"]
[Round "4"]
[White "Gheng, Josef"]
[Black "Krejci, Jan1111"]
[Result "0-1"]
[WhiteElo "2347"]
[BlackElo "2519"]
[PlyCount "146"]
[EventDate "2017.07.21"]
[EventType "swiss"]
[EventRounds "9"]
[EventCountry "CZE"]
[SourceTitle "CBM 179 Extra"]
[Source "ChessBase"]
[SourceDate "2017.08.23"]
[SourceVersion "1"]
[SourceVersionDate "2017.08.23"]
[SourceQuality "1"]

1. d4 Nf6 2. Nf3 e6 3. g3 b5 4. Bg2 Bb7 5. Bg5 Be7 6. 0-0 d5 7. c3 Nbd7 8. Qd3 a6 9. a4 bxa4 10. Rxa4 c5 11. Nbd2 0-0 12. Rfa1 h6 13. Bxf6 Bxf6 14. e4 cxd4 15. cxd4 dxe4 16. Nxe4 Rb8 17. Qe3 Nb6 18. R4a2 Nd5 19. Qd2 Nc7 20. Nxf6+ Qxf6 21. Ne5 Rfd8 22. Qa5 Nd5 23. Ra3 Qe7 24. Rb3 Rbc8 25. Re1 Qc7 26. Qd2 Ba8 27. Rf3 Rf8 28. Ra3 Qd6 29. Ra4 Rfd8 30. Nc4 Qb8 31. Ne3 Qb6 32. Bxd5 Bxd5 33. Nxd5 Rxd5 34. Rea1 Rc6 35. Rxa6 Qxa6 36. Rxa6 Rxa6 37. Qc3 Ra8 38. Kg2 Rb8 39. h4 Rdb5 40. Qc6 h5 41. b3 g6 42. Qd6 R8b7 43. Qc6 R7b6 44. Qc7 Kg7 45. b4 Rb7 46. Qc3 Kh7 47. Qc6 R5b6 48. Qf3 Rd7 49. Qc3 Rbd6 50. Qc8 Rd8 51. Qc7 R6d7 52. Qf4 Kg8 53. b5 Rb7 54. Qg5 Rd5 55. Qc1 Rbxb5 56. Qc8+ Kg7 57. Qc3 Rb7 58. g4 hxg4 59. h5 gxh5 60. Kg3 Rbd7 61. Qe3 Rf5 62. Kh4 Rdd5 63. Qd2 Rf6 64. Qe3 Rdf5 65. d5 Rxd5 66. Qc3 Rdf5 67. Qe3 Rf3 68. Qe5 Rxf2 69. Qg5+ Rg6 70. Qe5+ Rff6 71. Qg3 e5 72. Qxe5 g3 73. Qa1 g2 0-1